These twelve. (Record no. 12664)

000 -LEADER
fixed length control field 00539nam a2200181 a 4500
001 - CONTROL NUMBER
control field :::00010478$&:&@@
003 - CONTROL NUMBER IDENTIFIER
control field OkBaRHE
005 - DATE AND TIME OF LATEST TRANSACTION
control field 20001031111550.0
008 - FIXED-LENGTH DATA ELEMENTS--GENERAL INFORMATION
fixed length control field s1926 j 000 0 eng u
040 ## - CATALOGING SOURCE
Transcribing agency
100 1# - MAIN ENTRY--PERSONAL NAME
Personal name Brown, Charles Reynolds
245 10 - TITLE STATEMENT
Title These twelve.
260 ## - PUBLICATION, DISTRIBUTION, ETC. (IMPRINT)
Place of publication, distribution, etc New York and London
Name of publisher, distributor, etc Harper & Brothers Publishers
Date of publication, distribution, etc 1926
300 ## - PHYSICAL DESCRIPTION
Extent 278 p.
520 ## - SUMMARY, ETC.
Summary, etc A study in temperament.
942 ## - ADDED ENTRY ELEMENTS (KOHA)
Source of classification or shelving scheme
Koha item type Books
Copies
Koha item type Damaged status Date last seen Barcode Date acquired Permanent Location Not for loan Source of classification or shelving scheme Withdrawn status Shelving location Copy number Price effective from Lost status Full call number
Books 2018-03-16104782010-04-14RHEMA Bible Training College   General Stacks12010-04-14 BS 2440 .B67